|
|
|
|
| LEADER |
00664cam a2200181ua 4500 |
| 020 |
|
|
|a 81-7130-721-3
|
| 082 |
|
|
|a M894.812 3
|b RAJ/C
|
| 100 |
0 |
|
|a രാജകൃഷ്ണൻ, വി.
|
| 245 |
1 |
0 |
|a ചെറുകഥയുടെ ഛന്ദസ്സ് /
|
| 250 |
|
|
|a 1
|
| 260 |
|
|
|a Kottayam:
|b D.C.Books,
|c 1997.
|
| 300 |
|
|
|a 146p..
|
| 650 |
|
|
|a Cherukathayute chandass
|a Malayalam literature - criticism
|
| 650 |
0 |
|
|a Malayalam short stories - study
|
| 700 |
|
|
|a Rajakrishnan, V.
|
| 942 |
|
|
|c BK
|
| 999 |
|
|
|c 16089
|d 16089
|
| 952 |
|
|
|0 0
|1 0
|4 0
|6 M_894_812000000000000_3_RAJ
|7 0
|9 16771
|a KUCL
|b KUCL
|d 2014-05-23
|l 2
|o M894.812 3 RAJ/
|p 08234
|r 2016-11-21
|s 2016-10-14
|w 2014-05-23
|y BK
|